<?xml version="1.0" encoding="UTF-8"?>
<marc:record xmlns:marc="http://www.loc.gov/MARC21/slim">
   <marc:leader>00000nam a2200000 a 4500</marc:leader>
   <marc:datafield ind1="1" ind2=" " tag="100">
      <marc:subfield code="a">Seven Towns Ltd.</marc:subfield>
   </marc:datafield>
   <marc:datafield ind1="0" ind2="0" tag="245">
      <marc:subfield code="a">Max Mäuseschreck</marc:subfield>
   </marc:datafield>
   <marc:datafield ind1="0" ind2="0" tag="245">
      <marc:subfield code="c">Seven Towns Ltd.</marc:subfield>
   </marc:datafield>
   <marc:datafield ind1=" " ind2="1" tag="264">
      <marc:subfield code="a">Ravensburg</marc:subfield>
      <marc:subfield code="b">Ravensburger Verlag GmbH</marc:subfield>
      <marc:subfield code="c">2024</marc:subfield>
   </marc:datafield>
   <marc:datafield ind1="1" ind2=" " tag="520">
      <marc:subfield code="a">Hmm, so ein leckerer Käse! Die kleinen, frechen Mäuse flitzen herum und können nicht genug davon bekommen! Je nachdem, auf welches Feld sie ziehen, dürfen sie ein oder sogar zwei Stücke aus dem Vorrat sammeln. Doch Vorsicht: Kater Max schleicht umher. Die Maus, die ihn trifft, verliert vor Schreck ein Stück Käse. Manchmal spielt Max mit ihnen und dann können sie eine Weile nicht mehr weiterziehen. Welche von ihnen ist die Mutigste und kann zuerst 5 Käsestücke ergattern?</marc:subfield>
   </marc:datafield>
   <marc:datafield ind1="3" ind2=" " tag="024">
      <marc:subfield code="a">4005556224661</marc:subfield>
   </marc:datafield>
   <marc:datafield ind1=" " ind2=" " tag="041">
      <marc:subfield code="a">ger</marc:subfield>
   </marc:datafield>
   <marc:datafield ind1=" " ind2=" " tag="300">
      <marc:subfield code="a">1 Spiel (1 Spielfeld aus 5 Teilen  und Käse, 4 Mäuse, 1 Kater Max, 1 Aufstellfuß, 1 Würfel, 1 Pfotenwürfen, 17 Käsestücke, 1 Spielanleitung ;</marc:subfield>
   </marc:datafield>
</marc:record>
